Trnky na křídle /

Main Author: Fontana, Ivan, 1946-
Language: Czech
Published: [Praha] : Kampe, 2018
Edition: Vydání první
Physical Description: 195 stran : barevné ilustrace ; 18 cm
Book
Saved in:
LEADER 01215cam a2200385 i 4500
001 nkc20183038892
003 CZ PrNK
005 20190812090743.0
007 ta
008 180905s2018 xr a g 000 p cze d
015 |a cnb003038892 
020 |a 978-80-7606-000-5  |q (brožováno) 
035 |a (OCoLC)1100766241 
040 |a OSA001  |b cze  |d ABA001  |e rda 
072 7 |a 821.162.3-1  |x Česká poezie  |2 Konspekt  |9 25 
080 |a 821.162.3-1  |2 MRF 
080 |a (0:82-1)  |2 MRF 
080 |a (0:82-84)  |2 MRF 
100 1 |a Fontana, Ivan,  |d 1946-  |7 mzk2003171503  |4 aut 
245 1 0 |a Trnky na křídle /  |c Ivan Fontana 
250 |a Vydání první 
264 1 |a [Praha] :  |b Kampe,  |c 2018 
300 |a 195 stran :  |b barevné ilustrace ;  |c 18 cm 
336 |a text  |b txt  |2 rdacontent 
337 |a bez média  |b n  |2 rdamedia 
338 |a svazek  |b nc  |2 rdacarrier 
655 7 |a česká poezie  |7 fd133958  |2 czenas 
655 7 |a aforismy  |7 fd131784  |2 czenas 
655 9 |a Czech poetry  |2 eczenas 
655 9 |a aphorisms  |2 eczenas 
910 2 |a BOA001  |b 1-1429.008 
920 |a 000745953  |z OSA001 
990 |a BK 
995 |a 01 
996 6 |b 2610783122  |c 1-1429.008  |l MZK  |r Sklad / do 1 hodiny  |n 0  |p p.v.  |w 001723990  |u 000010  |a 1  |e BOA001  |j MZK50  |s P